| 000 | 00735cam a22002294a 4500 | ||
|---|---|---|---|
| 999 |
_c1204 _d1204 |
||
| 003 | BD-DhUAP | ||
| 005 | 20200203162402.0 | ||
| 008 | 200203u20072005ii b 001 0 eng | ||
| 020 | _a9788175346352 | ||
| 040 |
_aDLC _cDLC _dBD-DhUAP _bEng |
||
| 082 | 0 | 0 |
_a340.1 BAR _223 |
| 100 | 1 | _aBarak, Aharon. | |
| 245 | 1 | 0 |
_aPurposive interpretation in law / _cAharon Barak ; translated from the Hebrew by Sari Bashi. |
| 260 |
_aNew Delhi : _bUniversal, _cc2005 [Reprinted 2007]. |
||
| 300 |
_axx, 423 pages ; _c24 cm. |
||
| 504 | _aIncludes bibliographical references and index. | ||
| 650 | 0 |
_aLaw _xInterpretation and construction. |
|
| 650 | 0 |
_aLaw _xPhilosophy. |
|
| 650 | 0 | _aSemantics (Law) | |
| 700 | _aBashi, Sari. | ||
| 942 |
_2ddc _cBK |
||